Á lódáil...

The stone raft /

Sonraí Bibleagrafaíochta
Príomhúdar: Saramago, Jose
Údair Eile: Pontiero, Govanni
Formáid: Printed Book
Teanga:English
Foilsithe: London: The Harvill Press, c1994.
Ábhair:
LEADER 00557 a2200169 4500
008 150103s9999 000 0 eng
020 |a 1860467210 
082 |a 869.342  
100 |a Saramago, Jose. 
245 |a The stone raft / 
260 |a London:  |b The Harvill Press,  |c c1994. 
300 |a 263 p. 
650 |a Portuguese fiction. 
700 |a Pontiero, Govanni. 
942 |c BK 
999 |c 306054  |d 306054 
952 |0 0  |1 0  |2 ddc  |4 0  |6 869_342000000000000_SAR_ST  |7 0  |9 351054  |a DRA  |b DRA  |c ST1  |d 2012-03-13  |i 8049  |l 0  |o 869.342 SAR/ST  |p DRA8049  |r 2019-01-03  |v 399.00  |w 2019-01-03  |y BK